[Event "BL 1415 SV Hockenheim - Schwäbisch Hal"]
[Site "?"]
[Date "2015.01.31"]
[Round "8.3"]
[White "Gharamian, Tigran"]
[Black "Baramidze, David"]
[Result "1/2-1/2"]
[WhiteElo "2658"]
[BlackElo "2601"]
[PlyCount "95"]
[EventDate "2015.??.??"]

1. e4 e5 2. Nf3 Nc6 3. Bb5 a6 4. Ba4 Nf6 5. O-O Be7 6. d3 b5 7. Bb3 d6 8. a3
O-O 9. Nc3 Be6 10. Nd5 Na5 11. Nxf6+ Bxf6 12. Bxe6 fxe6 13. b4 Nc6 14. c3 a5
15. Be3 axb4 16. axb4 h6 17. Qb3 Re8 18. Rfc1 Kf7 19. Rxa8 Qxa8 20. c4 Qa4 21.
Qxa4 bxa4 22. Bd2 Bg5 23. Nxg5+ hxg5 24. Ra1 Ra8 25. Bc3 g4 26. Kf1 Nd4 27.
Bxd4 exd4 28. Ke2 a3 29. Ra2 Ra4 30. b5 Ke7 31. Kd2 d5 32. cxd5 exd5 33. Kc2
Ra5 34. f4 dxe4 35. dxe4 Kd6 36. Kb3 Kc5 37. Rxa3 Rxa3+ 38. Kxa3 Kxb5 39. e5
Kc5 40. Kb3 Kd5 41. Kc2 c5 42. Kd3 c4+ 43. Kd2 Ke6 44. Kc2 Kf5 45. Kd2 g5 46.
g3 Ke6 47. Kc2 Kf5 48. Kd2 1/2-1/2

[Event "BL 1415 SV Hockenheim - Schwäbisch Hal"]
[Site "?"]
[Date "2015.01.31"]
[Round "8.4"]
[White "Buhmann, Rainer"]
[Black "Cornette, Matthieu"]
[Result "1/2-1/2"]
[WhiteElo "2595"]
[BlackElo "2571"]
[PlyCount "97"]
[EventDate "2015.??.??"]

1. d4 Nf6 2. c4 e6 3. Nf3 d5 4. Nc3 c5 5. cxd5 cxd4 6. Qxd4 exd5 7. e4 Nc6 8.
Bb5 dxe4 9. Qxd8+ Kxd8 10. Ng5 Be6 11. O-O Bb4 12. Ncxe4 Nxe4 13. Nxe4 Ke7 14.
Be3 Rhd8 15. a3 Nd4 16. Ba6 Bxa3 17. Bxb7 Rab8 18. Rxa3 Rxb7 19. Ra4 Nb3 20.
Re1 a5 21. Nc5 Nxc5 22. Bxc5+ Ke8 23. Bd4 g6 24. Bc3 Ra8 25. f3 Rb5 26. Rea1
Kd7 27. Kf2 Kc6 28. Ke3 Bb3 29. Rxa5 Rbxa5 30. Rxa5 Rxa5 31. Bxa5 h5 32. Kf4
Kd5 33. Kg5 Ke6 34. g4 hxg4 35. fxg4 Bc2 36. h4 f6+ 37. Kf4 Bd1 38. Bc3 Be2 39.
b4 Kf7 40. Bd4 Ke6 41. Bb6 Kf7 42. Bc7 Ke6 43. Bd8 Kf7 44. h5 gxh5 45. gxh5
Bxh5 46. b5 Be2 47. b6 Ba6 48. b7 Bxb7 49. Bxf6 1/2-1/2

[Event "BL 1415 SV Hockenheim - Schwäbisch Hal"]
[Site "?"]
[Date "2015.01.31"]
[Round "8.5"]
[White "Wirig, Anthony"]
[Black "Banusz, Tamas"]
[Result "0-1"]
[WhiteElo "2483"]
[BlackElo "2591"]
[PlyCount "86"]
[EventDate "2015.??.??"]

1. Nf3 d5 2. g3 g6 3. Bg2 Bg7 4. d4 Nf6 5. O-O O-O 6. c3 b6 7. Nbd2 Bb7 8. e4
Nxe4 9. Nxe4 dxe4 10. Ng5 Nd7 11. Nxe4 Qc8 12. Re1 Nf6 13. Bf4 Nxe4 14. Bxe4 e6
15. h4 Bxe4 16. Rxe4 Qb7 17. Qe2 h5 18. Be5 Rad8 19. Re1 Bxe5 20. Rxe5 Rd5 21.
g4 Rxe5 22. dxe5 hxg4 23. Qxg4 Qd5 24. h5 Kg7 25. c4 Qa5 26. Re3 Qd2 27. Kg2
Rh8 28. Rh3 Rh6 29. b3 c5 30. Kf1 Qxa2 31. Qg5 Qb1+ 32. Ke2 Qc2+ 33. Kf3 Qd1+
34. Kg2 Rxh5 35. Qf6+ Kg8 36. Rxh5 gxh5 37. f3 Qc2+ 38. Kh3 Qf5+ 39. Qxf5 exf5
40. Kh4 Kf8 41. Kxh5 Ke7 42. Kh4 Ke6 43. f4 f6 0-1

[Event "BL 1415 SV Hockenheim - Schwäbisch Hal"]
[Site "?"]
[Date "2015.01.31"]
[Round "8.6"]
[White "Ribli, Zoltan"]
[Black "Zeller, Frank"]
[Result "1-0"]
[WhiteElo "2553"]
[BlackElo "2430"]
[PlyCount "65"]
[EventDate "2015.??.??"]

1. Nf3 Nf6 2. c4 c5 3. Nc3 e6 4. g3 b6 5. Bg2 Bb7 6. O-O d6 7. Re1 Be7 8. e4
Nbd7 9. d4 cxd4 10. Nxd4 Qc7 11. Ndb5 Qb8 12. f4 h5 13. e5 dxe5 14. Bxb7 Qxb7
15. fxe5 Ng4 16. Nd6+ Bxd6 17. exd6 Nde5 18. Ne4 O-O-O 19. Bf4 g5 20. Nxg5 f6
21. Ne4 h4 22. c5 hxg3 23. Bxg3 bxc5 24. Rc1 c4 25. Rxc4+ Nxc4 26. Qxg4 f5 27.
Qg6 Qd5 28. Qg7 Kb8 29. Nf6 Qd2 30. Qc7+ Ka8 31. Qc6+ Kb8 32. Qxc4 Rxd6 33.
Rxe6 1-0

[Event "BL 1415 SV Hockenheim - Schwäbisch Hal"]
[Site "?"]
[Date "2015.01.31"]
[Round "8.7"]
[White "Womacka, Mathias"]
[Black "Rau, Hannes"]
[Result "1-0"]
[WhiteElo "2439"]
[BlackElo "2459"]
[PlyCount "103"]
[EventDate "2015.??.??"]

1. e4 c5 2. Nf3 Nc6 3. d4 cxd4 4. Nxd4 Nf6 5. Nc3 d6 6. Be2 e5 7. Nf3 h6 8. O-O
Be7 9. Re1 O-O 10. h3 Be6 11. Bf1 Nb8 12. b3 Nbd7 13. Bb2 a6 14. a4 Qc7 15. Nd2
Rfe8 16. Nc4 Qc6 17. a5 Rad8 18. Qf3 d5 19. exd5 Nxd5 20. Nxd5 Bxd5 21. Qg3 f6
22. Ne3 Be6 23. Bd3 Bb4 24. Red1 e4 25. Bc4 Bxc4 26. Nxc4 Nf8 27. Qg4 Qe6 28.
Bd4 Qf7 29. Ne3 Rd7 30. c3 h5 31. Qe2 Bd6 32. Qc4 Ne6 33. Nf5 Bf8 34. Bb6 g6
35. Ne3 f5 36. Rxd7 Qxd7 37. Rd1 Qf7 38. Qd5 Bg7 39. Nc4 Ng5 40. Qxf7+ Nxf7 41.
Rd7 Bxc3 42. Rxb7 Ne5 43. Ra7 Nxc4 44. bxc4 f4 45. Kf1 Rc8 46. c5 Bb4 47. Re7
Bxc5 48. Rxe4 Bxb6 49. axb6 Rc1+ 50. Re1 Rc8 51. b7 Rb8 52. Re7 1-0

[Event "BL 1415 SV Hockenheim - Schwäbisch Hal"]
[Site "?"]
[Date "2015.01.31"]
[Round "8.8"]
[White "Boguslavskyy, Oleg"]
[Black "Aguettaz, Maxime"]
[Result "1-0"]
[WhiteElo "2441"]
[BlackElo "2400"]
[PlyCount "77"]
[EventDate "2015.??.??"]

1. e4 c5 2. Nf3 d6 3. Bb5+ Nd7 4. d4 Ngf6 5. O-O cxd4 6. Qxd4 e6 7. c4 Be7 8.
Nc3 O-O 9. Bxd7 Bxd7 10. Bg5 Bc6 11. Rfd1 Qa5 12. a3 Rfd8 13. b4 Qc7 14. Rac1
Be8 15. h3 a6 16. Ne2 Bc6 17. Nc3 Be8 18. Qd3 Rac8 19. Ne2 Ba4 20. Re1 h6 21.
Bh4 Bd7 22. Bg3 e5 23. Qe3 Re8 24. c5 Bc6 25. cxd6 Bxd6 26. Nc3 Qd7 27. Rcd1
Qe6 28. Rd3 Bb8 29. Red1 Nh5 30. Nd5 Nf4 31. R3d2 Ba4 32. Re1 g5 33. Nh2 Bc6
34. Ng4 Red8 35. Red1 Kg7 36. Nxf4 gxf4 37. Bxf4 exf4 38. Qc3+ Kg6 39. Rxd8 1-0

[Event "BL 1415 SSC Rostock - Schachfr. Berlin"]
[Site "?"]
[Date "2015.01.31"]
[Round "8.1"]
[White "Melkumyan, Hrant"]
[Black "Tomczak, Jacek"]
[Result "1-0"]
[WhiteElo "2678"]
[BlackElo "2561"]
[PlyCount "61"]
[EventDate "2015.??.??"]

1. d4 Nf6 2. c4 g6 3. Nc3 d5 4. cxd5 Nxd5 5. e4 Nxc3 6. bxc3 Bg7 7. Qa4+ Qd7 8.
Qa3 b6 9. Nf3 Bb7 10. Bd3 O-O 11. O-O c5 12. Bg5 e6 13. Rad1 cxd4 14. cxd4 Nc6
15. Bb5 a6 16. Ne5 Qc7 17. Bxc6 Bxc6 18. Qc3 Rfc8 19. Rc1 Bxe5 20. dxe5 Qd7 21.
Qe3 Bb5 22. Rcd1 Qe8 23. Rfe1 Bc4 24. Qf4 f6 25. Bxf6 Bxa2 26. h4 b5 27. Rd2
Bb3 28. Re3 Bc2 29. Qh6 Ra7 30. Ree2 Bb3 31. Qe3 1-0

[Event "BL 1415 SSC Rostock - Schachfr. Berlin"]
[Site "?"]
[Date "2015.01.31"]
[Round "8.2"]
[White "Brynell, Stellan"]
[Black "Mista, Aleksander"]
[Result "0-1"]
[WhiteElo "2456"]
[BlackElo "2614"]
[PlyCount "68"]
[EventDate "2015.??.??"]

1. d4 Nf6 2. c4 g6 3. g3 Bg7 4. Bg2 O-O 5. Nc3 d6 6. Nf3 Nc6 7. O-O Rb8 8. h3
a6 9. e4 b5 10. e5 dxe5 11. dxe5 Nd7 12. e6 fxe6 13. cxb5 axb5 14. Ng5 Nd4 15.
Be3 Nb6 16. Bxd4 Qxd4 17. Qxd4 Bxd4 18. Nxb5 Bxb2 19. Rab1 Nc4 20. a4 h6 21.
Ne4 Bb7 22. Rfd1 Be5 23. Rbc1 Bd5 24. Nc5 c6 25. Nd4 Rb2 26. Ndxe6 Rfxf2 27.
Bxd5 cxd5 28. Rd3 Rg2+ 29. Kh1 Rh2+ 30. Kg1 Rbg2+ 31. Kf1 Nd2+ 32. Rxd2 Rxd2
33. Kg1 Rdg2+ 34. Kf1 Rxg3 0-1

[Event "BL 1415 SSC Rostock - Schachfr. Berlin"]
[Site "?"]
[Date "2015.01.31"]
[Round "8.3"]
[White "Piorun, Kacper"]
[Black "Szelag, Marcin"]
[Result "1-0"]
[WhiteElo "2517"]
[BlackElo "2442"]
[PlyCount "87"]
[EventDate "2015.??.??"]

1. Nf3 Nf6 2. c4 g6 3. Nc3 Bg7 4. d4 O-O 5. e4 d6 6. h3 e5 7. d5 Nh5 8. g3 Na6
9. Be3 f5 10. exf5 gxf5 11. Ng5 Nf6 12. Qc2 Qe7 13. O-O-O c5 14. a3 Nc7 15. g4
e4 16. gxf5 Bxf5 17. Rg1 Kh8 18. Qd2 Rad8 19. Be2 a6 20. Bg4 Bxg4 21. hxg4 b5
22. Rh1 bxc4 23. f3 exf3 24. Rde1 Qd7 25. Qc2 f2 26. Bxf2 Qxg4 27. Nxh7 Kg8 28.
Nxf8 Rxf8 29. Kb1 Nb5 30. Nxb5 axb5 31. Rhg1 Qf3 32. Bg3 Rf7 33. Bxd6 Qxd5 34.
Be5 Qd3 35. Rd1 Qxc2+ 36. Kxc2 Kh7 37. Rd6 Ne4 38. Rh1+ Kg8 39. Rg6 Kf8 40.
Bxg7+ Rxg7 41. Rh8+ Kf7 42. Rxg7+ Kxg7 43. Re8 Nd6 44. Re5 1-0

[Event "BL 1415 SSC Rostock - Schachfr. Berlin"]
[Site "?"]
[Date "2015.01.31"]
[Round "8.4"]
[White "Rudolf, Henrik"]
[Black "Michalik, Peter"]
[Result "1/2-1/2"]
[WhiteElo "2351"]
[BlackElo "2571"]
[PlyCount "82"]
[EventDate "2015.??.??"]

1. e4 e5 2. Nf3 Nc6 3. Bb5 Nf6 4. O-O Nxe4 5. d4 Nd6 6. Bxc6 dxc6 7. dxe5 Nf5
8. Qxd8+ Kxd8 9. h3 Bd7 10. Rd1 Kc8 11. a4 a5 12. g4 Ne7 13. Ra3 Nd5 14. Rad3
Be7 15. c4 Nb6 16. Ng5 h6 17. Ne4 Be6 18. b3 Nd7 19. f4 g6 20. Kh2 h5 21. Kg3
hxg4 22. hxg4 Rh4 23. Ba3 Rxg4+ 24. Kf3 Bxa3 25. Nxa3 Rh4 26. Ng5 Bf5 27. R3d2
b6 28. Nc2 Nc5 29. Rd8+ Kb7 30. Rxa8 Kxa8 31. Rd8+ Kb7 32. Nd4 Nd3 33. Ne2 Nc5
34. Nd4 Ne6 35. Ndxe6 fxe6 36. Re8 c5 37. Nxe6 Rh3+ 38. Kf2 Rh2+ 39. Kg3 Rh3+
40. Kf2 Rh2+ 41. Kg3 Rh3+ 1/2-1/2

[Event "BL 1415 SSC Rostock - Schachfr. Berlin"]
[Site "?"]
[Date "2015.01.31"]
[Round "8.5"]
[White "Lauber, Arnd"]
[Black "Gruenberg, Hans-Ulrich"]
[Result "0-1"]
[WhiteElo "2443"]
[BlackElo "2375"]
[PlyCount "109"]
[EventDate "2015.??.??"]

1. d4 Nf6 2. c4 g6 3. Nc3 Bg7 4. e4 d6 5. Nf3 O-O 6. h3 c5 7. d5 e6 8. Bd3 exd5
9. cxd5 a6 10. a4 Nbd7 11. O-O Rb8 12. Re1 Nh5 13. Bg5 Bf6 14. Be3 Bg7 15. Qd2
Qc7 16. Bc4 Qd8 17. Rad1 Qa5 18. g4 Nhf6 19. Bf4 Ne8 20. Bg3 f6 21. Qc2 Ne5 22.
Nd2 g5 23. Bf1 Bd7 24. Ra1 Qd8 25. a5 Nc7 26. Qb3 Qe7 27. Kg2 Rfc8 28. f3 Bf8
29. Nc4 Rd8 30. Ne3 Qe8 31. Nf5 Nb5 32. Nxb5 axb5 33. a6 b4 34. axb7 Rxb7 35.
Ra5 Rc8 36. Ne3 Qd8 37. Rea1 Qc7 38. Bxe5 fxe5 39. Ba6 Ra8 40. Nc4 Rba7 41.
R5a2 Kg7 42. Ne3 Be7 43. Bc4 Kf8 44. Rxa7 Rxa7 45. Rxa7 Qxa7 46. Qa2 Qxa2 47.
Bxa2 Ke8 48. Bc4 Kd8 49. Kf2 Kc7 50. Ke2 Bf6 51. Kd3 Be7 52. Nf1 Ba4 53. b3 Bd7
54. Ng3 Bf6 55. Nh5 0-1

[Event "BL 1415 SSC Rostock - Schachfr. Berlin"]
[Site "?"]
[Date "2015.01.31"]
[Round "8.6"]
[White "Ackermann, Hans Werner"]
[Black "Moreno Tejera, Emilio"]
[Result "0-1"]
[WhiteElo "2310"]
[BlackElo "2448"]
[PlyCount "80"]
[EventDate "2015.??.??"]

1. Nf3 f5 2. d3 Nc6 3. e4 e5 4. Nc3 Nf6 5. exf5 d5 6. d4 exd4 7. Nxd4 Nxd4 8.
Qxd4 Bxf5 9. Bg5 Bxc2 10. Rc1 Bg6 11. Bd3 Bxd3 12. Qxd3 c6 13. O-O Be7 14. Bxf6
Bxf6 15. Rfe1+ Kf7 16. Na4 Qd6 17. Re3 Rae8 18. Rxe8 Rxe8 19. Qxh7 Qf4 20. Qh5+
g6 21. Qd1 Re2 22. Qxe2 Qxc1+ 23. Qf1 Qc2 24. Nc3 Qxb2 25. Ne2 Qxa2 26. g3 Qa1
27. Nc1 Bb2 28. Nd3 Qxf1+ 29. Kxf1 Bd4 30. Ke2 a5 31. Kd1 a4 32. Kc2 Kf6 33. f3
Be3 34. Nb4 Ke5 35. h4 c5 36. Nd3+ Kd4 37. f4 b5 38. Nb2 Bf2 39. f5 gxf5 40. h5
Bxg3 0-1

[Event "BL 1415 SSC Rostock - Schachfr. Berlin"]
[Site "?"]
[Date "2015.01.31"]
[Round "8.7"]
[White "Abel, Dennes"]
[Black "Jaster, Robert Dr"]
[Result "1-0"]
[WhiteElo "2441"]
[BlackElo "2302"]
[PlyCount "73"]
[EventDate "2015.??.??"]

1. d4 f5 2. g3 Nf6 3. Bg2 g6 4. Nf3 Bg7 5. O-O O-O 6. c4 d6 7. Nc3 Qe8 8. Nd5
Nxd5 9. cxd5 Nd7 10. Qb3 Nb6 11. Be3 Bd7 12. Ng5 Qd8 13. Rac1 h6 14. Ne6 Bxe6
15. dxe6 d5 16. a4 a5 17. Bf4 c6 18. Be5 Ra7 19. Rfd1 Nc4 20. Qc3 Nxe5 21. dxe5
Ra8 22. Qb3 Qc8 23. Bxd5 Bxe5 24. Bc4 Bf6 25. Rd7 Kg7 26. Qb6 Qb8 27. b3 f4 28.
Rxb7 Qe5 29. Qxc6 fxg3 30. hxg3 Rac8 31. Qg2 Rc7 32. Rb5 Rc5 33. Rd1 Rfc8 34.
Rxc5 Rxc5 35. Qa8 Rxc4 36. bxc4 Qxe2 37. Qd5 1-0

[Event "BL 1415 SSC Rostock - Schachfr. Berlin"]
[Site "?"]
[Date "2015.01.31"]
[Round "8.8"]
[White "Weber, Max"]
[Black "Thiede, Lars"]
[Result "0-1"]
[WhiteElo "2174"]
[BlackElo "2449"]
[PlyCount "76"]
[EventDate "2015.??.??"]

1. d4 d6 2. Nf3 Nf6 3. c4 g6 4. Nc3 Bg7 5. e4 O-O 6. h3 c5 7. d5 e6 8. Bd3 a6
9. O-O exd5 10. exd5 Nbd7 11. Bf4 Ne8 12. Re1 Ndf6 13. Qd2 Nc7 14. a4 b6 15.
Ng5 Nh5 16. Nge4 Nxf4 17. Qxf4 Ne8 18. Re2 Ra7 19. Rae1 Re7 20. Qh4 Nf6 21. Ng5
Rxe2 22. Rxe2 Nh5 23. g4 Nf6 24. Qg3 Nxg4 25. Nxh7 Kxh7 26. hxg4 Be5 27. f4
Bd4+ 28. Kf1 Kg7 29. Rh2 Bxc3 30. bxc3 Rh8 31. g5 Qd7 32. Rxh8 Kxh8 33. Bc2 Kg7
34. Kf2 Qd8 35. Qe3 Qh8 36. Kg2 Qh5 37. Qe7 Qg4+ 38. Kh1 Qxf4 0-1

[Event "BL 1415 Hamburger SK - USV TU Dresden"]
[Site "?"]
[Date "2015.01.31"]
[Round "8.3"]
[White "Socko, Bartosz"]
[Black "Kempinski, Robert"]
[Result "0-1"]
[WhiteElo "2617"]
[BlackElo "2626"]
[PlyCount "98"]
[EventDate "2015.??.??"]

1. d4 Nf6 2. c4 g6 3. Nc3 Bg7 4. e4 d6 5. f3 O-O 6. Nge2 c5 7. Be3 Qa5 8. d5 b5
9. cxb5 a6 10. b6 Nbd7 11. Qc2 Rb8 12. Nc1 Qxb6 13. Rb1 e6 14. dxe6 fxe6 15.
Be2 d5 16. O-O Qc6 17. Na4 dxe4 18. fxe4 Qxe4 19. Qxe4 Nxe4 20. Rxf8+ Bxf8 21.
Nd3 c4 22. Nf2 Nxf2 23. Kxf2 Rb4 24. Nc3 Bg7 25. a3 Rb8 26. Na4 c3 27. b4 Bb7
28. Rd1 Bc6 29. Nxc3 Bxc3 30. Rd6 Ne5 31. Rxe6 Rf8+ 32. Kg1 Bb5 33. Bxb5 axb5
34. Bc5 Ra8 35. Rb6 Nd3 36. Rxb5 Rxa3 37. Rb8+ Kf7 38. Rb7+ Ke6 39. g3 Ra1+ 40.
Kg2 Ra2+ 41. Kh3 h5 42. Re7+ Kf6 43. Re3 Nxc5 44. Rxc3 Ne4 45. Rf3+ Kg7 46. Rb3
Ng5+ 47. Kh4 Kh6 48. h3 Nf3+ 49. Rxf3 g5# 0-1

[Event "BL 1415 Hamburger SK - USV TU Dresden"]
[Site "?"]
[Date "2015.01.31"]
[Round "8.4"]
[White "Ghaem Maghami, Ehsan"]
[Black "Maiwald, Jens-Uwe"]
[Result "1-0"]
[WhiteElo "2559"]
[BlackElo "2460"]
[PlyCount "87"]
[EventDate "2015.??.??"]

1. d4 d5 2. Nf3 Nf6 3. c4 dxc4 4. e3 Bg4 5. Bxc4 e6 6. h3 Bh5 7. Nc3 Nc6 8. Bb5
Bd6 9. e4 Nd7 10. Be3 a6 11. Be2 Nb6 12. a3 Bxf3 13. Bxf3 e5 14. d5 Ne7 15. O-O
O-O 16. Qb3 f5 17. Rac1 Nd7 18. exf5 Nxf5 19. Ne4 Nxe3 20. fxe3 b6 21. Qc2 a5
22. Bg4 Rxf1+ 23. Rxf1 Nc5 24. Nxd6 Qxd6 25. b4 axb4 26. axb4 Nd7 27. Rc1 Ra7
28. Qb3 Nf6 29. Be6+ Kf8 30. Rc6 Qe7 31. Qc3 e4 32. Qd4 Ra8 33. Qc3 Ra7 34. Qd4
Ra8 35. Qe5 Rd8 36. Qxc7 Nxd5 37. Qe5 Qf6 38. Qxf6+ Nxf6 39. Rxb6 Rd2 40. Rb7
Re2 41. Rf7+ Ke8 42. Rxg7 Rxe3 43. Rf7 Nh5 44. b5 1-0

[Event "BL 1415 Hamburger SK - USV TU Dresden"]
[Site "?"]
[Date "2015.01.31"]
[Round "8.5"]
[White "Tischbierek, Raj"]
[Black "Ernst, Sipke"]
[Result "1-0"]
[WhiteElo "2419"]
[BlackElo "2553"]
[PlyCount "77"]
[EventDate "2015.??.??"]

1. g3 d5 2. Bg2 c6 3. d4 Bg4 4. f3 Bh5 5. Nh3 f6 6. c4 dxc4 7. O-O Bf7 8. f4 e6
9. e4 Na6 10. Be3 Bb4 11. Qg4 g6 12. Nc3 Qa5 13. Qe2 Ne7 14. Qxc4 e5 15. Qe2
exd4 16. Bxd4 Bc5 17. Rfd1 O-O-O 18. Bxc5 Qxc5+ 19. Nf2 Bc4 20. Qf3 h5 21. b3
Be6 22. Na4 Rxd1+ 23. Rxd1 Qa3 24. Qe3 b6 25. Qc3 Rf8 26. e5 Qb4 27. Qd3 Nc7
28. Qd6 a5 29. Qxb4 axb4 30. Nxb6+ Kb7 31. exf6 Rxf6 32. Ne4 Rf8 33. Na4 Bd5
34. Rd4 Na6 35. Nac5+ Ka7 36. Nxa6 Kxa6 37. Rxb4 Ka7 38. Nc5 Bxg2 39. Ra4+ 1-0

[Event "BL 1415 Hamburger SK - USV TU Dresden"]
[Site "?"]
[Date "2015.01.31"]
[Round "8.6"]
[White "Hansen, Sune Berg"]
[Black "Seifert, Volker"]
[Result "1-0"]
[WhiteElo "2569"]
[BlackElo "2342"]
[PlyCount "141"]
[EventDate "2015.??.??"]

1. d4 e6 2. Nf3 Nf6 3. c4 b6 4. Bf4 Bb7 5. e3 Bb4+ 6. Nfd2 O-O 7. a3 Be7 8. Nc3
d5 9. Be2 c5 10. dxc5 bxc5 11. Bf3 Qb6 12. O-O Bc6 13. cxd5 exd5 14. Qc2 Nbd7
15. Rfe1 Rae8 16. e4 d4 17. Nc4 Qa6 18. Nb1 Nb6 19. Nbd2 Rd8 20. e5 d3 21. Qc1
Nfd5 22. Bg3 Bg5 23. Nd6 c4 24. h4 Bxd2 25. Qxd2 Ne7 26. Be4 Na4 27. Bxc6 Nxc6
28. Re4 Nc5 29. Rg4 g6 30. Qh6 Rxd6 31. exd6 Nb3 32. Rd1 Nbd4 33. d7 Qa4 34.
Rxd4 Qxd1+ 35. Kh2 Qh5 36. Qxh5 gxh5 37. Rd6 Nd8 38. Be5 f5 39. Rd5 Kf7 40. Bc3
Ke6 41. Rd4 Rf7 42. Rxc4 Rxd7 43. Bd2 Nf7 44. f3 Ne5 45. Rc8 Kd5 46. Rc3 Kd4
47. b3 f4 48. Rc8 Ng6 49. Rc4+ Kd5 50. Kg1 Re7 51. Bc3 Re3 52. Rd4+ Kc6 53. Bd2
Re2 54. Rxd3 Nxh4 55. Kf1 Rxg2 56. Be1 Rh2 57. Bxh4 Rxh4 58. Kg2 a6 59. Rd8 Kb6
60. Rb8+ Ka7 61. Rh8 Kb6 62. Rxh7 Kc6 63. Re7 Kb6 64. Re6+ Kb7 65. a4 a5 66.
Re5 Kb6 67. Rf5 Ka6 68. Rb5 Ka7 69. Rxa5+ Kb6 70. b4 Kb7 71. Rf5 1-0

[Event "BL 1415 Hamburger SK - USV TU Dresden"]
[Site "?"]
[Date "2015.01.31"]
[Round "8.7"]
[White "Hoffmann, Paul"]
[Black "Lampert, Jonas"]
[Result "1/2-1/2"]
[WhiteElo "2355"]
[BlackElo "2453"]
[PlyCount "120"]
[EventDate "2015.??.??"]

1. e4 e5 2. Bc4 Nf6 3. d3 Nc6 4. Nf3 Bc5 5. O-O a6 6. c3 Ba7 7. Nbd2 d6 8. Bb3
h6 9. Nc4 O-O 10. Be3 b5 11. Ncd2 d5 12. Bxa7 Rxa7 13. a4 dxe4 14. dxe4 Qe7 15.
axb5 axb5 16. Rxa7 Nxa7 17. Qa1 Nc6 18. Re1 Rd8 19. Qa8 Bd7 20. Qa6 Qc5 21. h3
Nh5 22. Bd5 Nf4 23. Nb3 Qd6 24. Bxc6 Bxc6 25. Nxe5 Qxe5 26. Qxc6 Qg5 27. e5
Nxh3+ 28. Kf1 Nf4 29. Nd4 Nd3 30. Nf3 Qe7 31. Re2 Nf4 32. Re1 Nd3 33. Re2 b4
34. g3 bxc3 35. bxc3 Qc5 36. Qxc5 Nxc5 37. Nd4 Na4 38. Re3 Nxc3 39. Rxc3 Rxd4
40. Rxc7 g5 41. f3 Rd5 42. Rc8+ Kg7 43. Re8 h5 44. Ke2 Ra5 45. f4 Ra2+ 46. Ke3
Ra3+ 47. Kf2 g4 48. Rb8 Ra2+ 49. Kf1 Kg6 50. Rb6+ Kf5 51. Rb4 h4 52. gxh4 g3
53. Kg1 Kg4 54. h5 Kh3 55. Rb1 Rg2+ 56. Kh1 Rf2 57. Kg1 Rxf4 58. Re1 Ra4 59. e6
fxe6 60. h6 Ra7 1/2-1/2

[Event "BL 1415 Hamburger SK - USV TU Dresden"]
[Site "?"]
[Date "2015.01.31"]
[Round "8.8"]
[White "Carlstedt, Jonathan"]
[Black "Neef, Maximilian"]
[Result "1/2-1/2"]
[WhiteElo "2437"]
[BlackElo "2361"]
[PlyCount "144"]
[EventDate "2015.??.??"]

1. e4 e6 2. d4 d5 3. Nc3 Nf6 4. Bg5 dxe4 5. Nxe4 Nbd7 6. Nf3 h6 7. Bh4 Be7 8.
Nxf6+ Nxf6 9. Bd3 c5 10. Qe2 Qa5+ 11. c3 O-O 12. O-O cxd4 13. Nxd4 Re8 14. Bb5
Rd8 15. Rad1 a6 16. Bc4 Bd7 17. Rfe1 Re8 18. Nf3 Bc6 19. Ne5 Bd5 20. Bd3 b5 21.
Bb1 Rad8 22. Rd4 Qc7 23. Qc2 Qb7 24. Rg4 Ne4 25. Bxe7 Rxe7 26. Qc1 f5 27. Rg6
Kh7 28. Qe3 Qc7 29. f4 Bb7 30. Bc2 Rd5 31. Bxe4 Rxe5 32. fxe5 Bxe4 33. Rg4 Qxe5
34. Rxe4 fxe4 35. Qxe4+ Qxe4 36. Rxe4 e5 37. Kf2 Kg6 38. Ke3 Kf5 39. a4 Rd7 40.
axb5 axb5 41. Rb4 Rd5 42. Rb3 g5 43. Ra3 h5 44. Ra8 Rc5 45. Rf8+ Ke6 46. Kd3
Rd5+ 47. Ke3 Rc5 48. Rb8 Kf5 49. h3 h4 50. Rf8+ Ke6 51. Re8+ Kf5 52. Rb8 Ke6
53. Ke4 Rc4+ 54. Kd3 Rc5 55. b4 e4+ 56. Kxe4 Rxc3 57. Rb6+ Kd7 58. Rxb5 Rg3 59.
Rd5+ Kc6 60. Rd2 g4 61. hxg4 Rxg4+ 62. Kf3 Rxb4 63. Rd8 Rb3+ 64. Kf2 h3 65. g4
h2 66. Rd1 Rh3 67. Rh1 Kd6 68. Kg2 Rh8 69. Rxh2 Rxh2+ 70. Kxh2 Ke6 71. Kg3 Kf6
72. g5+ Kxg5 1/2-1/2

[Event "BL 1415 Turm Emsdetten - OSG Baden Bade"]
[Site "?"]
[Date "2015.01.31"]
[Round "8.3"]
[White "Shirov, Alexei"]
[Black "Van Foreest, Jorden"]
[Result "1-0"]
[WhiteElo "2675"]
[BlackElo "2467"]
[PlyCount "91"]
[EventDate "2015.??.??"]

1. e4 e5 2. Nf3 Nc6 3. Bb5 g6 4. d4 exd4 5. Bg5 Be7 6. Bxe7 Qxe7 7. Bxc6 dxc6
8. Qxd4 Nf6 9. Nc3 Bg4 10. Nd2 c5 11. Qe3 O-O-O 12. h3 Be6 13. O-O-O a6 14. f4
Rhe8 15. Nf3 Nd7 16. g4 f6 17. Rhe1 Nb6 18. Rxd8+ Rxd8 19. f5 Bd7 20. Qh6 Be8
21. e5 fxe5 22. Nxe5 Qd6 23. Qf4 Nc4 24. f6 Bf7 25. b3 Nxe5 26. Qxe5 Re8 27.
Qxd6 Rxe1+ 28. Qd1 Rxd1+ 29. Kxd1 h6 30. g5 h5 31. Ke2 Kd7 32. Kf3 Be6 33. h4
Bg4+ 34. Kf4 Ke6 35. Nd5 c6 36. Nb6 Bf5 37. c3 Bb1 38. a3 Bc2 39. Na4 b6 40.
Nxb6 Bxb3 41. Ke3 Kd6 42. c4 Ke6 43. Kd2 a5 44. Nc8 Ba4 45. Ne7 Kf7 46. Kc3 1-0

[Event "BL 1415 Turm Emsdetten - OSG Baden Bade"]
[Site "?"]
[Date "2015.01.31"]
[Round "8.5"]
[White "Nisipeanu, Liviu-Dieter"]
[Black "Janssen, Ruud"]
[Result "1-0"]
[WhiteElo "2658"]
[BlackElo "2465"]
[PlyCount "65"]
[EventDate "2015.??.??"]

1. d4 Nf6 2. c4 e6 3. Nc3 Bb4 4. e3 b6 5. Nge2 Ba6 6. Ng3 O-O 7. e4 Ne8 8. Bd3
Nc6 9. O-O Bxc3 10. bxc3 Na5 11. Qe2 c5 12. f4 f6 13. d5 Nd6 14. e5 Ndxc4 15.
exf6 Qxf6 16. Ne4 Qe7 17. dxe6 Qxe6 18. f5 Qe8 19. f6 d5 20. f7+ Rxf7 21. Rxf7
Qxf7 22. Ng5 Qe8 23. Bxh7+ Kh8 24. Qf2 Qh5 25. Bf4 Rf8 26. Qg3 Bc8 27. h3 d4
28. cxd4 Nc6 29. Bd3 Nb2 30. Ne6 Bxe6 31. Bg6 Qxg6 32. Qxg6 Nxd4 33. Be5 1-0

[Event "BL 1415 Turm Emsdetten - OSG Baden Bade"]
[Site "?"]
[Date "2015.01.31"]
[Round "8.6"]
[White "Zumsande, Martin"]
[Black "Nielsen, Peter Heine"]
[Result "0-1"]
[WhiteElo "2428"]
[BlackElo "2654"]
[PlyCount "112"]
[EventDate "2015.??.??"]

1. e4 c5 2. c3 Nf6 3. e5 Nd5 4. Nf3 e6 5. Bc4 d6 6. exd6 Bxd6 7. d4 cxd4 8.
cxd4 O-O 9. O-O Nc6 10. Re1 b6 11. Nc3 Nce7 12. Ne4 Bb7 13. a3 Rc8 14. Qd3 Ng6
15. g3 Qc7 16. Bb3 Be7 17. h4 Rfd8 18. h5 Nf8 19. h6 g6 20. Bg5 Bxg5 21. Nfxg5
Qe7 22. Qd2 Nd7 23. Rad1 N7f6 24. f3 Rd7 25. Qh2 Nxe4 26. Nxe4 Rcd8 27. g4 g5
28. Bxd5 Rxd5 29. Qf2 R5d7 30. Rd2 Bxe4 31. fxe4 e5 32. d5 Rd6 33. Qh2 Rf6 34.
Rc2 Rf4 35. Qh5 Qf6 36. Rc6 Qe7 37. Rf1 Kf8 38. Rxf4 exf4 39. Qh1 Rxd5 40. Qf3
Rc5 41. Rxc5 Qxc5+ 42. Kg2 Qc2+ 43. Kh3 Ke7 44. e5 Ke6 45. Qa8 Qb3+ 46. Kh2
Qxb2+ 47. Kg1 Qd4+ 48. Kf1 Qc4+ 49. Kf2 Qc5+ 50. Kf1 Qc1+ 51. Kg2 Qc2+ 52. Kg1
Kxe5 53. Qe8+ Kd4 54. Qd8+ Ke3 55. Qxg5 Kf3 56. Qd5+ Kg3 0-1